Responses for Show #8946 - Monday, October 9, 2023

2023 Champions Wildcard Spades quarterfinal game 6.

Contestants

[<< previous game]

Lucy Ricketts, a book designer and freelance illustrator from Atlanta, Georgia

Camron Conners, a high school social studies teacher from Rancho Santa Margarita, California

Phil Hoffman, an analyst from Mountain Lakes, New Jersey

[next game >>]

Jeopardy! Round responses

A BRIEF HISTORY OF THYME
THOMAS AQUINAS, ADVICE COLUMNIST
3rd GRADERS KNOW THIS STUFF
TRAVEL TEXAS
BODY SHOTS
THE HEAVYWEIGHT CHAMPION OF THE WORLD
    $200 28
Sicily

Phil
    $200 29
a sin

Camron
    $200 26
zero

Camron
    $200 27
Austin

Lucy
    $200 21
in the foot

Camron
    $200 22
George Foreman

Lucy
    $400 4
the mint family

Triple Stumper
    $400 1
(Camron: What is God?)
(Ken: More specifically?)

the Trinity

Camron
    $400 8
(Lucy: What is they've?)

won't

CamronLucy
    $400 13
San Antonio

Lucy
    $400 17
the hip

Lucy
    $400 23
Muhammad Ali

Lucy
    $600 11
Pliny

Lucy
    $600 2
tithe

Lucy
    $600 5
the subject

Phil
    $600 3
(Camron: Who is, uh... Elvis?)

Buddy Holly

Camron
Triple Stumper
    $600 18
the arm

Lucy
    $600 24
Joe Louis

Phil
    $800 12
Bénédictine

Triple Stumper
    $800 9
the Eucharist

Camron
    $800 6
pupil

Lucy
    $800 14
the Johnson Space Center

Lucy
    $800 19
the mouth

Camron
    $800 25
Evander Holyfield

Triple Stumper
    $1000 16
essential

Lucy
    $1000 10
(Phil: What is absolution?)
(Camron: What is, a... um...
(Ken: Out of time, I'm afraid.)
(Camron: [*].)

an indulgence

PhilCamron
Triple Stumper
    $1000 7
(Lucy: What are the Amendments?)
(Ken: Uh, more specifically?)

Amendments to the Constitution

Lucy
    $3,000 15
Big Bend National Park

Lucy
    $1000 20
when you saw the whites of their eyes

Camron
    $1000 30
Rocky Marciano

Lucy

Scores at the first commercial break (after clue 15):

Phil Camron Lucy
-$400 $0 $6,800

Scores at the end of the Jeopardy! Round:

Phil Camron Lucy
$400 $2,400 $10,600

Double Jeopardy! Round responses

A BRIEF HISTORY OF TIME
I'M STILL STANDIN'
(Ken: I'm gonna give you three characters from a literary work; you'll tell me which one is still alive at the end.)
CANDLE IN THE WIND
CIRCLE OF LIFE
(Ken: Each response here will be spelled entirely with letters in the word "circle".)
I'D LIKE TO SOLVE THE PUZZLE
ELTON JOHN SONGS
(Ken: You'll give us the title in each case.)
    $400 28
a leap second

Phil
    $400 13
(Camron: Who is Nancy?)
...
(Ken: Phil or Lucy? 50/50 shot.)

the Artful Dodger

Camron
Triple Stumper
    $400 24
the wick

Camron
    $400 26
Circe

Lucy
    $400 27
a jigsaw

Lucy
    $400 30
(Ken: Yeah, Elton John spitting truth there about Martian climate.)

"Rocket Man"

Phil
    $800 14
Newton

Phil
    $800 9
Agamemnon

Camron
    $800 23
beeswax

Camron
    $800 25
(Ken: What is [*]? Tim [*].)

Rice

Triple Stumper
    $800 8
a crossword

Lucy
    $800 29
"Tiny Dancer"

Lucy
    $1,990 4
(Phil: What is Greenwich?)
(Ken: Can you be more specific?)
(Phil: What is Greenwich, England?)
[Ken does not rule.]
(Phil: What is [*]?)
...
(Ken: We needed the facility.)
(Camron: What is the third floor of...)

the Observatory of Greenwich

Phil
    $1200 10
Wiglaf

Camron
    $1200 19
votive

Phil
    $1200 18
a relic

Phil
    $1200 7
(Ken: One version hosted by Alex Trebek--this is [*].)

Concentration

Triple Stumper
    $1200 1
"Crocodile Rock"

Lucy
    $1600 5
(Phil: What is aeronautical?)

atomic time (Temps Atomique International)

Phil
Triple Stumper
    $1600 11
(Ken: Yeah, the good guys don't always win.)

Iago

Camron
    $5,000 20
(Phil: What is... [Sighs] oh... albinus?)

paraffin

Phil
    $1600 16
to rile

Triple Stumper
    $1600 15
a jumble

Phil
    $1600 2
"Goodbye Yellow Brick Road"

Phil
    $2000 6
dilation

Camron
    $2000 12
Cosette

Triple Stumper
    $2000 21
(Camron: What is Kwanzaa?)
...
(Ken: From Kwanzaa to post--I don't know that.)

a pillar

Camron
Triple Stumper
    $2000 17
a Cleric

Camron
    $2000 22
(Phil: Who is the coal man?)
(Camron: Who is the conductor?)
...
(Ken: Who else is left? It is [*].)
[Laughter]

the engineer

PhilCamronLucy
    $2000 3
"Don't Let The Sun Go Down On Me"

Triple Stumper

Scores at the end of the Double Jeopardy! Round:

Phil Camron Lucy
$990 $6,800 $16,200
(lock game)

[wagering suggestions for these scores]

Final Jeopardy! Round responses

WOMEN AUTHORS
PhilWho is?
$801
CamronWho is—Love you guys, I had a blast! Godspeed
$6,800
LucyWho G Eliot?
$500
George Eliot

Final scores:

Phil Camron Lucy
$189 $0 $16,700
2nd place: $5,000 3rd place: $5,000 Winner: semifinalist

Game dynamics:

Coryat scores:

Phil Camron Lucy
$5,200 $6,800 $14,200
11 R
(including 1 DD),
4 W
(including 1 DD)
15 R,
5 W
20 R
(including 1 DD),
1 W

Combined Coryat: $26,200

[game clues] [game scores] [suggest correction]

Game tape date: 2023-08-30
The J! Archive is created by fans, for fans. Scraping, republication, monetization, and malicious use prohibited; this site may use cookies and collect identifying information. See terms. The Jeopardy! game show and all elements thereof, including but not limited to copyright and trademark thereto, are the property of Jeopardy Productions, Inc. and are protected under law. This website is not affiliated with, sponsored by, or operated by Jeopardy Productions, Inc. Join the discussion at JBoard.tv.